000 00739cab a2200241 4500
001 WB3117-24
008 090401t1995 xxu||||| |||| 00| 0 eng d
035 _a(Sirsi) u61267
041 _aeng
245 _aPeabody plans housing merger
260 _c1995
350 _a0
490 _aTimes
_v4 May 1995, 30(1)
520 _aTwo leading charitable housing associations, the Peabody Trust and Network Housing Association are to join forces and create a new entity with combined assets of more than £1bn.
650 _aCHARITIES
650 _aHOUSING ASSOCIATIONS
650 _aNETWORK HOUSING ASSOCIATION
650 _aPEABODY NETWORK
650 _aPEABODY TRUST
690 _aHOUSING
942 _n0
948 _c04/03/1997
999 _c37918
_d37918